000
00234nam a22001097a 4500
003
OSt
008
250104b |||||||| |||| 00| 0 eng d
041
_a
eng
100
_a
Choudhari Sharma
_9
6739
245
_a
Croploan System
942
_c
BK
999
_c
18919
_d
18919